000 01416nam a2200349 a 4500
001 000108696
003 CHAP
005 20220329144021.0
008 140305s2012 mx | |sm |||||||spa|d
010 _a105158
011 _a106130
040 _cCHAP
090 _aTesis
100 1 _aGutiérrez Ramírez, Flor
_9125739
245 1 0 _aProducción, productividad, rentabilidad y empleo en el cultivo de nogal (Carya illinoensis) Irrigado por gravedad en el sector de la pequeña propiedad de la Laguna, México de 2006 a 2011
_h[En línea]
_cpor Flor Gutiérrez Ramírez.
260 _aChapingo, Méx. :
_bEl autor,
_c2012.
500 _aPara ver el contenido del material haga clic en la liga
502 _aTesis (Ing. Agr. en Sistemas Pecuarios de Zonas Áridas) -- Bermejillo Dgo. Unidad Regional Universitaria de Zonas Áridas
590 _aBATCH-UPD
_b05
_c20140324
_lUCH01
_h1536
590 _aBATCH-UPD
_b05
_c20141002
_lUCH01
_h0857
590 _aE792CSJ
_b05
_c20140305
_lUCH01
_h0922
590 _aE792CSJ
_b05
_c20140305
_lUCH01
_h0923
590 _aE792CSJ
_b05
_c20140305
_lUCH01
_h1127
650 1 4 _aNogal
_xCostos de producción.
_981549
650 1 4 _aNogal
_xIrrigación.
_981560
650 1 4 _aNogal
_xRendimiento.
_981569
650 1 4 _aNogal
_zComarca Lagunera.
_981574
856 _aFinding aid
_uhttp://10.13.5.2/tesis/sist108696.pdf
_zTeclea aquí
901 _aBK
942 _cTESIS
942 _n0
999 _c105158
_d105158